FIFA 17 Top 10 French Central Defenders - Statistics

General Stats
  • This quiz has been taken 132 times
  • The average score is 4 of 10
Answer Stats
Rank Player OVA % Correct
2 Raphael Varane 84
93%
7 Samuel Umtiti 82
82%
1 Laurent Koscielny 85
70%
5 Adil Rami 82
43%
6 Mamadou Sakho 82
43%
3 Aymeric Laporte 84
42%
8 Jérémy Mathieu 81
25%
4 Loïc Perrin 82
25%
9 Mapou Yanga-M'Biwa 80
18%
10 Thimothée Kolodziejczak 80
9%
No matching quizzes found
Score Distribution
Percent of People with Each Score
Percentile by Number Answered
Your Score History
You have not taken this quiz